| 000 | 01372caa a22002771ib4500 | ||
|---|---|---|---|
| 003 | SA-RiAUC | ||
| 005 | 20250107054416.0 | ||
| 008 | 250105s2009 su f 000 0cara c | ||
| 040 |
_aSA-JeALM _bara _cSA-RiAUC. _erda |
||
| 082 | 0 | 4 |
_a234.65 _qSA-RiAUC |
| 090 |
_a234.65 _bع و ا |
||
| 100 | 1 |
_aعوامة، محمد، _d1940- _eمؤلف. |
|
| 245 | 1 | 0 |
_aدراسات الكاشف للإمام الحافظ الذهبي وحاشيته للإمام سبط ابن العجمي / _cتأليف محمد عوامة. |
| 264 |
_aجدة : _bدار المنهاج _c2009 |
||
| 300 |
_aمجلد ؛ _c24 سم |
||
| 336 |
_aنص _btxt _2rdacontent _3كتاب |
||
| 337 |
_aبدون وسيط _bn _2rdamedia |
||
| 338 |
_aمجلد _bnc _2rdacarrier |
||
| 650 | 7 |
_aالحديث _xتراجم الرواة _2aucsh |
|
| 700 | 1 | 2 |
_aالذهبي، محمد بن أحمد بن عثمان، _d673-748 هجري. _tالكاشف في معرفة من له رواية في الكتب الستة. |
| 700 | 1 | 2 |
_aسبط ابن العجمي، إبراهيم بن محمد بن خليل، _d753-841 هجري. _tحاشية سبط ابن العجمي على الكاشف. |
| 740 | 2 | 2 | _aالكاشف في معرفة من له رواية في الكتب الستة. |
| 740 | 0 | 2 | _aحاشية سبط ابن العجمي على الكاشف. |
| 942 |
_2ddc _cBOOK _n0 |
||
| 949 |
_aSA-JeALM _d250105 _uosman123 _n1 |
||
| 999 |
_c4503 _d4503 |
||